000 00988nam a22002537a 4500
001 BD-DhSAU
003 BD-DhSAU
005 20250107125638.0
008 150420b2005 bg ||||| m||| 00| 0 eng d
040 _aBD-DhSAU
082 _222
_a338.1
_bG259
100 _aPRIYO, GAZI MASHROOR JAMIL
_eRegistration No. # 15-06620
245 _aDrivers of pesticide use in rice farming in some selected areas of bangladesh /
_bMS thesis
260 _aSher-e-Bangla Agricultural University:
_bDepartment of Devlopment and Poverty Studies,
_c2023.
300 _axiv, 50p. ;
_c30 cm.
500 _aMS thesis of Devlopment and Poverty Studies, Faculty of ASVM , Sher-e-Bangla Agricultural University, Dhaka, Bangladesh
504 _aIncludes bibliographical reference.
590 _aNazmul
650 _apesticide use in rice farming
700 _aAssist. Prof. Md. Hayder Khan Sujon
_eSuperviser
700 _aMd. Abdur Rouf Sarkar
_eCo-superviser
942 _2ddc
_cTHESIS
999 _c17751
_d17750